El arte en la ciudad de bahia blanca (monografía) /

Guardado en:
Formato: Libro
Publicado: Bah¡a Blanca : Cems, 1996
Materias:
Fc
Etiquetas: Agregar Etiqueta
Sin Etiquetas, Sea el primero en etiquetar este registro!
LEADER 00454nam a22001695a 4500
001 CEM.cems009338
005 20060214000000.0
008 130507s1996##################000#0#####d
003 CEMS
082 0 4 |a F709 
245 0 0 |a El arte en la ciudad de bahia blanca (monografía) / 
260 |a Bah¡a Blanca :  |b Cems,  |c 1996 
300 |a 58 p. 
653 |a Arte 
653 |a Bahia blanca-arte 
653 |a Fc 
859 |a CEMS  |b BIB. CEMS - 11 de abril  |h F709  |i 26  |p 1481.44  |t Ej.1